00178nam a22000737a 4500003000400000245005700004260003500061300000800096SGT aJournal of Indian Academy of Oral Medicine Radiology bWolters Kluwer Publisherc2022 a498